LEADER 01161nam a2200265 4500 001 000000343999 003 CaOOAMICUS 005 20210217140300.0 008 210128s2020 it 000 u ita r 020 $a978-88-7836-495-0 040 $aSeMil$bita 100 1 $aBuzzetti, Chiara.$0(OLS)http://semarc/name/112908 245 10$aFino all'ultimo respiro :$bl'assalto del tumore, la forza della fede : diario di una sposa e mamma /$cChiara Buzzetti. 264 1$aMilano :$bIPL,$c2020. 300 $a136 p. ;$c21 cm 490 1 $aLe piume ;$v6 650 4$aMalattia - Diari e memorie.$0(OLS)http://semarc/subject/48838 830 3$aLe piume ;$v6.$0(OLS)http://semarc/title/43968 850 $aSeMil 852 $aSeMil$W1$xVenegono$y1$m3J II 428$j224007$B235047$CSeMilBibl$Z2$F235047 $81 961 $aBuzzetti Chiara - Lascito 996 $6020$a978-88-7836-495-0$9(OLS)http://semarc/number/292212 996 $6245$aFino all'ultimo respiro :$bl'assalto del tumore, la forza della fede : diario di una sposa e mamma$9(OLS)http://semarc/title/433061 996 $6264$aMilano :$bIPL$9(OLS)http://semarc/publisher/30350 LEADER 01165nam a2200241 i 4500 001 000000063948 003 CaOOAMICUS 005 20160212000000.0 008 160212s1988 it u000 u ita u 013 $a35120 040 $aSeMil$bita 100 1 $aBernardo : da Offida .$0(OLS)http://semarc/name/32297 245 10$aUlisse Matthey (Torino 17 aprile 1876 Loreto 6 luglio 1947) /$cP. Bernardo Da Offida Cappuccino ; 2. Edizione a cura di P. Giuliano Viabile. 260 $aLoreto (ancona) :$bLibreria Editrice «S. Francesco d'Assisi»,$cstampa 1988. 300 $a126 p. :$bill. ;$c24 cm. 650 4$aMatthey, Ulisse.$0(OLS)http://semarc/subject/12511 650 4$aMusicisti - Ritratti.$0(OLS)http://semarc/subject/5373 700 1 $aViabile, Giuliano.$0(OLS)http://semarc/name/32298 850 $aSeMil 852 $aSeMil$W1$xVenegono$y1$m3Q II 86$j30101$B30101$CSeMilBibl$Z2$F30104 $81 961 $aOmaggio: Donazione 996 $6245$aUlisse Matthey (Torino 17 aprile 1876 Loreto 6 luglio 1947)$9(OLS)http://semarc/title/101098 996 $6260$aLoreto (ancona) :$bLibreria Editrice «S. Francesco d'Assisi»$9(OLS)http://semarc/publisher/42506